| 000 | 00816cam a22002535a 4500 | ||
|---|---|---|---|
| 001 | L154249 | ||
| 008 | 111107s2011 xxko f 000 0 eng d | ||
| 020 | _a9781848062269 | ||
| 035 | _a(Sirsi) u154249 | ||
| 041 | 0 | _aeng | |
| 100 | 1 | _aSutton, Andy | |
| 245 | 0 | 0 |
_aStraw bale _ban introduction to low-impact building materials |
| 260 |
_aWatford _bBRE _c2011 |
||
| 300 |
_a8p. _bill. _c30cm. |
||
| 490 | 0 |
_aBRE Information Paper _v(15/11) |
|
| 520 | _aDiscusses a range of benefits and limitations applying to the use of straw bales in construction. | ||
| 521 | _aAdvanced | ||
| 590 | _aKA | ||
| 651 | 4 |
_aUnited Kingdom _y |
|
| 690 | _aBUILT ENVIRONMENT-BUILDING MATERIALS-NON TIMBER ANIMAL AND VEGETABLE MATERIALS-VEGETABLE MATERIAL | ||
| 700 | 1 | _aBlack, Daniel | |
| 700 | 1 | _aWalker, Peter | |
| 942 | _n0 | ||
| 999 |
_c112904 _d112904 |
||